书目信息 |
| 题名: |
鸦片税收与清末新政
|
|
| 作者: | 刘增合, 著 | |
| 分册: | ||
| 出版信息: | 北京 生活·读书·新知三联书店 2005.05 |
|
| 页数: | 26, 436页 | |
| 开本: | 21cm | |
| 丛书名: | 近代中国的知识与制度转型丛书 | |
| 单 册: | ||
| 中图分类: | F812.952 | |
| 科图分类: | ||
| 主题词: | 财政--cai zheng--经济史--研究--中国--清后期 | |
| 电子资源: | ||
| ISBN: | 7-108-02257-5 | |
| 000 | 01106nam 2200253 450 | |
| 001 | 012007652807 | |
| 005 | 20071008155726.06 | |
| 010 | @a7-108-02257-5@dCNY30.50 | |
| 100 | @a20070807d2005 km y0chiy0120 ea | |
| 101 | 0 | @achi |
| 102 | @aCN@b110000 | |
| 105 | @ay a 001yy | |
| 200 | 1 | @a鸦片税收与清末新政@Aya pian shui shou yu qing mo xin zheng@f刘增合著@Fliu zeng he zhu |
| 210 | @a北京@c生活·读书·新知三联书店@d2005.05 | |
| 215 | @a26, 436页@d21cm | |
| 225 | 2 | @a近代中国的知识与制度转型丛书@Ajin dai zhong guo de zhi shi yu zhi du zhuan xing cong shu |
| 320 | @a有书目 (第394-421页) 和索引。 | |
| 330 | @a本书充分利用留存档案,通过论述鸦片税收作为中央和地方举办新政的重要财源这个史实,揭示了晚清新政改革与鸦片禁政的关系。内容包括:土药税收与庚子后的财政扩张、新政背景下的禁政决断、鸦片专卖与土药统税、鸦片税厘抵补、禁政与新政、禁政激变与“新政之累”等。 | |
| 410 | 0 | @12001 @a近代中国的知识与制度转型丛书 |
| 606 | 0 | @a财政@Acai zheng@x经济史@x研究@y中国@z清后期 |
| 690 | @aF812.952@v4 | |
| 701 | 0 | @a刘增合,@Aliu zeng he@f1967- @4著 |
| 801 | 0 | @aCN@c20071008 |
| 905 | @dF812.952@eL722 | |
| 鸦片税收与清末新政/刘增合著.-北京:生活·读书·新知三联书店,2005.05 |
| 26, 436页;21cm.-(近代中国的知识与制度转型丛书) |
| ISBN 7-108-02257-5:CNY30.50 |
| 本书充分利用留存档案,通过论述鸦片税收作为中央和地方举办新政的重要财源这个史实,揭示了晚清新政改革与鸦片禁政的关系。内容包括:土药税收与庚子后的财政扩张、新政背景下的禁政决断、鸦片专卖与土药统税、鸦片税厘抵补、禁政与新政、禁政激变与“新政之累”等。 |
| ● |
| 相关链接 |
|
|
|
正题名:鸦片税收与清末新政
索取号:F812.952/L722
 
预约/预借
| 序号 | 登录号 | 条形码 | 馆藏地/架位号 | 状态 | 备注 |
| 1 | 251296 | 202512968 | 社科库409/409社科库 50排2列3层/ [索取号:F812.952/L722] | 在馆 | |
| 2 | 251297 | 202512977 | 社科库409/409社科库 50排2列3层/ [索取号:F812.952/L722] | 在馆 | |
| 3 | 251298 | 202512986 | 社科库409/409社科库 50排2列3层/ [索取号:F812.952/L722] | 在馆 |